| 000 | 00995cam a22002054a 4500 | ||
|---|---|---|---|
| 005 | 20250605164128.0 | ||
| 008 | 250528s ||||||||||||||||||||||||d | ||
| 035 | _a18525 | ||
| 020 | _a534980740 | ||
| 040 |
_aGR-AtMCL _bgre _dGR-AtMCL _eAACR2 |
||
| 245 | 1 | _aA First Course on Differential Equations with Applications / Fourth Edition | |
| 250 | _a4th | ||
| 260 |
_bPws-Kent Publishing Company, _c1989 |
||
| 300 | _a590 | ||
| 520 | _aIntroduction to Differential Equations, First-Order Differential Equations, Applications of First-Order Differential Equations, Linear Differential Equations of Higher Order, Applications of Second-Order Differential Equations: Vibrational Models, Differential Equations with Variable Coefficients, Laplace Transform, Systems of Linear Differential Equations, Numerical Methods, Partial Differential Equations, Appendices, Answers to Odd-Numbered Problems, Index. | ||
| 700 | 1 |
_aZill Dennis G _94782 |
|
| 942 | _cBK | ||
| 999 |
_c3881 _d3881 |
||